00524naa a2200157 a 450000100080000000500110000800800410001910000170006024501090007726000090018665300210019565300330021665300140024970000170026377300860028010893812013-05-20 2011 bl uuuu u00u1 u #d1 aCUNHA, A. R. aCurvas de crescimento do fruto de cafeeiro cv. Obat?? IAC 1669-20 em diferentes alinhamentos de plantio. c2011 aCoffea arabica L aMassa fresca e seca de fruto aModelagem1 aVOLPE, C. A. tSemina: Ci??ncias Agr??rias, Londrina, PRgv. 32, n. 1, p. 49-62, jan./mar. 2011.